000 00493nam a2200181Ia 4500
003 GCL
008 140319s9999 xx 000 0 ara d
040 _aGCL /
_cGCL
082 0 4 _a814.008
_bا ى
100 1 _aانيس منصور
245 1 0 _aيوم بيوم /
_cانيس منصور
300 _a159 ص
490 _aاقرأ
_v0
650 0 4 _aالادب العربى
650 0 4 _aالمقالات العربية
650 0 4 _aالادب العربى - مقالات
942 _2ddc
_cBK
999 _c45918
_d45918